| 000 | 00896nac a22002411u 4500 | ||
|---|---|---|---|
| 010 | _a 2003021953 | ||
| 020 | _a0131432354 : | ||
| 082 | 0 | 0 |
_a004 _bL8481 |
| 090 |
_c4732 _d4732 |
||
| 100 | _aLong, Larry E. | ||
| 245 | 1 | 0 |
_aComputers : _binformation technology in perspective / _cLarry Long, Nancy Long. |
| 250 | _a12th ed., complete. | ||
| 260 |
_aUpper Saddle River, N.J. : _bPearson/Prentice Hall,c2005. _cc2005. |
||
| 300 |
_a1 v. (various pagings) : _bcol. ill. ; _c28 cm. |
||
| 500 | _aIncludes index. | ||
| 650 | 0 | _aComputers. | |
| 650 | 0 | _aInformation retrieval. | |
| 650 | 0 | _aInformation technology. | |
| 700 | 1 |
_aLong, Nancy, _d1947- |
|
| 856 | 4 | 1 |
_3Table of contents _uhttp://www.loc.gov/catdir/toc/ecip049/2003021953.html |
| 942 |
_cBB _k004L8481 |
||
| 999 |
_c4732 _d4732 |
||